Manchester United - Sponsorzy na koszulkach w XXI w. - Statystyki

Ogólne statystyki
  • Ten quiz został rozwiązany 57 razy
  • Średni wynik to 4 z 6
Statystyki odpowiedzi
Lata Sponsor % Poprawnych
2014-2021 Chevrolet
77%
2010-2014 Aon
60%
2024- Snapdragon
60%
2021-2024 TeamViewer
60%
2006-2010 AIG
52%
2000-2006 Vodafone
52%
Nie znaleziono quizów pasujących do podanych kryteriów
Rozkład punktacji
Procent ludzi z każdym wynikiem
Percentyl według liczby udzielonych odpowiedzi
Twoja historia wyników
Nie rozwiązałeś tego quizu